000 01723cam a2200385 a 4500
999 _c531958
_d531958
001 14934403
003 NUST
005 20191105103052.0
008 070719s2007 vauab b 001 0 eng
010 _a 2007030020
020 _a9780784408964
020 _a0784408963
035 _a(OCoLC)ocn156902373
035 _a(OCoLC)156902373
038 _aMSOHAIL
040 _aDLC
_cDLC
_dYDXCP
_dBAKER
_dC#P
_dBTCTA
_dIXA
_dDLC
050 0 0 _aTD370
_b.E54 2007
082 0 0 _a628.1683
_222
245 0 0 _aEnergy production and reservoir water quality :
_ba guide to the regulatory, technical, and theoretical basis for required studies /
_csponsored by Environmental Effects Committee of the Energy Engineering Division of the American Society of Civil Engineers ; edited by James Martin ... [et al.].
260 _aReston, Va. :
_bAmerican Society of Civil Engineers,
_cc2007.
300 _a1 v. (various pagings) :
_bill., maps ;
_c22 cm.
504 _aIncludes bibliographical references and index.
650 0 _aWater quality.
_92657
650 0 _aReservoir ecology.
_925147
650 0 _aLimnology.
_925148
650 0 _aWater quality management.
_94954
650 0 _aHydroelectric power plants
_xEnvironmental aspects.
_925149
650 0 _aCoal-fired power plants
_xEnvironmental aspects.
_925150
700 1 _aMartin, James Lenial,
_d1947-
_925151
710 2 _aAmerican Society of Civil Engineers.
_bEnvironmental Effects Committee.
_925152
856 4 1 _3Table of contents
_uhttp://www.loc.gov/catdir/toc/fy0803/2007030020.html
906 _a7
_bcbc
_corignew
_d1
_eecip
_f20
_gy-gencatlg
942 _2ddc
_cBK